Gramática castellana

Uloženo v:
Podrobná bibliografie
Hlavní autor: Roa Bleck, Alejo (Autor)
Médium: Kniha
Jazyk:španělština
Vydáno: Santiago Salesiana 1988
Vydání:9a. ed
Témata:
Tagy: Přidat tag
Žádné tagy, Buďte první, kdo vytvoří štítek k tomuto záznamu!

MARC

LEADER 00000nam a2200000 a 4500
001 UCW5446
003 CL-VaPUC
008 910423e19880000CL |||||||||||||||||spa|d
082 0 4 |a 465  |b ROA  |2 21 
100 0 |a Roa Bleck, Alejo  |e author  |9 310438 
245 1 0 |a Gramática castellana 
250 |a 9a. ed 
300 |a 348 p 
942 |c BK 
945 |d 19910423 00:00:00 
260 |a Santiago  |b Salesiana  |c 1988 
650 0 |a Español gramática  |9 264564 
583 |a last modification  |c 19910423 00:00:00  |k Rodrigo Vera 
999 |c 218886  |d 218884 
952 |0 0  |1 0  |4 0  |6 465_000000000000000_ROA_1988  |7 0  |8 A  |9 209186  |a BIBEDU  |b BIBEDU  |d 2019-11-15  |i 2769751  |o 465 ROA 1988  |p 2769751  |r 2019-11-15  |w 2019-11-15  |y BK  |k EDU